000 00299nam a22001457a 4500
003 SGT
082 _a809
_bMCL
100 _aMCLEISH,ROBERT
245 _aRADIO PRODUCTION
250 _a6TH
260 _aNEW YORK
_bFOCAL PRESS
_c2016
300 _a418
650 _aRADIO PRODUCTION
942 _2ddc
_cBK
999 _c8840
_d8840